Statistics for All Countries that Speak a Romance Language

Click here to take the quiz!

General Stats

  • This quiz has been taken 207 times
    (169 since last reset)
  • The average score is 55 of 69

Answer Stats

HintAnswer% Correct
OfficialPortugal
98%
OfficialSpain
98%
OfficialItaly
97%
OfficialBrazil
96%
OfficialMexico
96%
OfficialFrance
95%
OfficialArgentina
92%
OfficialPanama
92%
OfficialChile
91%
OfficialSan Marino
91%
OfficialDominican Republic
90%
Co-OfficialHaiti
90%
Co-OfficialParaguay
90%
Co-OfficialPeru
90%
OfficialEcuador
89%
OfficialUruguay
89%
OfficialVatican City
89%
Co-OfficialBelgium
88%
Co-OfficialBolivia
88%
OfficialCosta Rica
88%
OfficialCuba
88%
OfficialEl Salvador
88%
OfficialHonduras
88%
OfficialColombia
87%
OfficialNicaragua
87%
CulturalAlgeria
86%
OfficialAndorra
86%
OfficialGuatemala
86%
CulturalMorocco
86%
Co-OfficialCanada
85%
OfficialRomania
85%
OfficialVenezuela
85%
Co-OfficialSwitzerland
83%
Co-OfficialEquatorial Guinea
82%
Co-OfficialDemocratic Republic of the Congo
81%
Co-OfficialAngola
80%
OfficialMonaco
80%
Co-OfficialChad
79%
Co-OfficialLuxembourg
79%
Co-OfficialSenegal
79%
Co-OfficialCameroon
78%
Co-OfficialGuinea
78%
Co-OfficialTogo
78%
Co-OfficialBenin
77%
Co-OfficialMozambique
77%
CulturalBelize
76%
Co-OfficialCongo
76%
Co-OfficialIvory Coast
76%
Co-OfficialMali
75%
Co-OfficialMadagascar
74%
OfficialMoldova
74%
CulturalTunisia
74%
Co-OfficialGabon
73%
Co-OfficialCape Verde
71%
Co-OfficialGuinea-Bissau
71%
Co-OfficialSão Tome and Principe
71%
Co-OfficialBurkina Faso
70%
Co-OfficialCentral African Republic
68%
Co-OfficialMauritius
68%
Co-OfficialSeychelles
68%
Co-OfficialComoros
66%
Co-OfficialBurundi
65%
Co-OfficialRwanda
65%
CulturalMauritania
62%
Co-OfficialDjibouti
60%
Co-OfficialEast Timor
58%
CulturalPhilippines
55%
CulturalLebanon
48%
Co-OfficialVanuatu
44%

Score Distribution

Percentile by Number Answered

Percent of People with Each Score

Your Score History

You have not taken this quiz since the last reset